Tratado de química farmacéutica / (Record no. 139955)

MARC details
000 -LEADER
campo de control de longitud fija 01031nam a2200229 4500
001 - NÚMERO DE CONTROL
campo de control 139955
003 - IDENTIFICADOR DE NÚMERO DE CONTROL
campo de control ES-MaACL
005 - FECHA Y HORA DE LA ÚLTIMA TRANSACCIÓN
campo de control 20250815113045.0
007 - CAMPO FIJO DE DESCRIPCIÓN FÍSICA--INFORMACIÓN GENERAL
campo de control de longitud fija t|
008 - DATOS DE LONGITUD FIJA--INFORMACIÓN GENERAL
campo de control de longitud fija 070214q1910 sp r ||||1| spa d
100 1# - ENTRADA PRINCIPAL--NOMBRE DE PERSONA
Nombre de persona Schmidt, Ernst.
9 (RLIN) 104471
245 10 - MENCIÓN DEL TÍTULO
Título Tratado de química farmacéutica /
Mención de responsabilidad, etc. por el profesor Dr. Ernesto Schmidt ; traducido directamente de la 5ª y última edición alemana, con prólogo y notas por T. de Aranzadi ... [et al.].
260 ## - PUBLICACIÓN, DISTRIBUCIÓN, ETC.
Lugar de publicación, distribución, etc. Barcelona :
Nombre del editor, distribuidor, etc. Jóse Espasa e hijos,
Fecha de publicación, distribución, etc. [1910?]
300 ## - DESCRIPCIÓN FÍSICA
Extensión 3 v. :
Otras características físicas il. ;
Dimensiones 27 cm.
505 8# - NOTA DE CONTENIDO CON FORMATO
Nota de contenido con formato Contiene: 1. Química inorgánica - 2. Química orgánica. Primera parte: Compuestos orgánicos de cadena abierta - 3. Química orgánica. Segunda parte: Compuestos orgánicos de cadena cerrada
597 ## - NOTA DE DESCRIPCIÓN FÍSICA
NOTA DE DESCRIPCIÓN FÍSICA Vol. 1 carece de portada.
650 #7 - PUNTO DE ACCESO ADICIONAL DE MATERIA--TÉRMINO DE MATERIA
Término de materia o nombre geográfico como elemento de entrada Química inorgánica
Fuente del encabezamiento o término embne
9 (RLIN) 16638
650 #7 - PUNTO DE ACCESO ADICIONAL DE MATERIA--TÉRMINO DE MATERIA
Término de materia o nombre geográfico como elemento de entrada Química orgánica
Fuente del encabezamiento o término embne
9 (RLIN) 136799
700 1# - ENTRADA AGREGADA--NOMBRE PERSONAL
Nombre de persona Aranzadi, Telesforo de,
Fechas asociadas al nombre 1860-1945
9 (RLIN) 22335
852 ## - LOCALIZACIÓN
Ubicación ES-MaACL
Número de control de estantería B-4620-22
Holdings
Estatus retirado Estado de pérdida Estado de daño No para préstamo Biblioteca de origen Biblioteca actual Ubicación en estantería Fecha de adquisición Fuente de adquisición Total de préstamos Signatura topográfica completa Código de barras Visto por última vez Precio de reemplazo Tipo de ítem Koha
        Biblioteca del Ateneo de Madrid Biblioteca del Ateneo de Madrid Sala Pardo Bazán 17/01/2008     B-4620-22 1145640 23/02/2023 23/02/2023 Libro impreso